La economa̕ en los Estados Unidos Mexicanos

Bibliographic Details
Main Author: Villagm̤ez, F. Alejandro
Format: Book
Published: Catarina Mx̌ico Nostra Ediciones 2007
Subjects:
Online Access:Acceso restringido

MARC

LEADER 00000nam a22000007a 4500
005 2015100605255.0
007 cr|||| ||u|
008 151006s2007 mx ||||| |||| 00||0 mx d
020 |a 978-968-5447-54-6 
035 |a 12839 
040 |a vLex 
090 |c 5573  |d 5573 
100 1 |a Villagm̤ez, F. Alejandro 
245 1 3 |a La economa̕ en los Estados Unidos Mexicanos   |h [Recurso electrn̤ico]  |c F. Alejandro Villagm̤ez  
256 |a Servicio en ln̕ea 
260 |a Catarina Mx̌ico  |b Nostra Ediciones  |c 2007 
300 |a 1 recurso electrn̤ico 
506 1 |a Contenido solo diponible en los productos indicados  |d vLex Global  |d vLex Global (Academic Edition, excluding Law Schools)  |d vLex Global (U.S. Academic Edition, Law Schools)  |d vLex Global (U.S. Academic Edition, excluding Law Schools)  |d vLex Global (Academic Edition, Law Schools) 
650 0 4 |a Economia  |z Mexico 
740 0 |a vLex libros (Servicio en ln̕ea) 
856 4 0 |u http://vlex.com/source/economia-estados-unidos-mexicanos-12839  |z Acceso restringido 
942 |c BOOK 
999 0 |a Economics